000 00536nam a2200157 i 4500
001 38349
003 ES-MaACL
005 20230906155736.0
007 t|
008 030225s1908 sp ||||1| spa d
100 1 _aCabeza y Díaz-Valero, Guillermo.
_933195
245 1 0 _aEnsanches de población
_b: explicación de las lecciones que sobre esta materia forman parte del programa para ingreso en el grupo de aspirantes del ensanche.
260 _aMadrid :
_b[s.n.,
_c1908]
300 _a80 p. ;
_c20 cm.
852 _aES-MaACL
_jT-1430-F-4
999 _c38349
_d38349